Language Literature and Life: (Record no. 229644)
[ view plain ]
| 000 -LEADER | |
|---|---|
| fixed length control field | 00788nam a22002537a 4500 |
| 005 - DATE AND TIME OF LATEST TRANSACTION | |
| control field | 20240117114118.0 |
| 008 - FIXED-LENGTH DATA ELEMENTS--GENERAL INFORMATION | |
| fixed length control field | 240117b ||||| |||| 00| 0 eng d |
| 040 ## - CATALOGING SOURCE | |
| Transcribing agency | AL |
| 041 ## - LANGUAGE CODE | |
| Language code of text/sound track or separate title | Latin |
| 082 ## - DEWEY DECIMAL CLASSIFICATION NUMBER | |
| Edition number | 23 |
| Classification number | 878 |
| Item number | SCOL |
| 100 ## - MAIN ENTRY--PERSONAL NAME | |
| Personal name | Harry Fletcher Scott and others |
| 100 ## - MAIN ENTRY--PERSONAL NAME | |
| 9 (RLIN) | 148035 |
| 245 ## - TITLE STATEMENT | |
| Title | Language Literature and Life: |
| Remainder of title | A Foreign Language Program: Latin Book Three |
| 260 ## - PUBLICATION, DISTRIBUTION, ETC. | |
| Place of publication, distribution, etc. | Chicago |
| Name of publisher, distributor, etc. | Scott Foresman and Company |
| Date of publication, distribution, etc. | 1939 |
| 300 ## - PHYSICAL DESCRIPTION | |
| Extent | 507p. |
| Other physical details | HB |
| Dimensions | 23x15cm. |
| 365 ## - TRADE PRICE | |
| Source of price type code | Latin |
| 650 ## - SUBJECT ADDED ENTRY--TOPICAL TERM | |
| Topical term or geographic name entry element | Cicero and Catiline |
| 9 (RLIN) | 148036 |
| 650 ## - SUBJECT ADDED ENTRY--TOPICAL TERM | |
| Topical term or geographic name entry element | Ovids Tales |
| 9 (RLIN) | 148037 |
| 650 ## - SUBJECT ADDED ENTRY--TOPICAL TERM | |
| Topical term or geographic name entry element | Roman Life |
| 9 (RLIN) | 148038 |
| 650 ## - SUBJECT ADDED ENTRY--TOPICAL TERM | |
| Topical term or geographic name entry element | Latin Miscellaneous |
| 9 (RLIN) | 148039 |
| 700 ## - ADDED ENTRY--PERSONAL NAME | |
| Personal name | SCOTT (Harry Fletcher) |
| 9 (RLIN) | 148040 |
| 700 ## - ADDED ENTRY--PERSONAL NAME | |
| Personal name | HORN (Annabel) |
| 9 (RLIN) | 148041 |
| 700 ## - ADDED ENTRY--PERSONAL NAME | |
| Personal name | GUMMERE (John Flagg) |
| 9 (RLIN) | 148042 |
| 942 ## - ADDED ENTRY ELEMENTS (KOHA) | |
| Source of classification or shelving scheme | Dewey Decimal Classification |
| Koha item type | Book |
| Withdrawn status | Lost status | Source of classification or shelving scheme | Damaged status | Not for loan | Collection code | Home library | Current library | Date acquired | Total Checkouts | Full call number | Barcode | Date last seen | Price effective from | Koha item type | Public note |
|---|---|---|---|---|---|---|---|---|---|---|---|---|---|---|---|
| Dewey Decimal Classification | Others | St Aloysius Library | St Aloysius Library | 01/17/2024 | 878 SCOL | D06149 | 01/17/2024 | 01/17/2024 | Donated Books | Donated by Kapil Bhat Manjeshwar |